| 000 | 00369nam a2200145Ia 4500 | ||
|---|---|---|---|
| 008 | 230917s9999||||xx |||||||||||||| ||und|| | ||
| 040 |
_e189649 _aMAIN |
||
| 041 | _aEnglish | ||
| 082 | _a512.23 I1F | ||
| 100 | _aIsaacs, I Martin | ||
| 245 | 0 | _aFinite group theory | |
| 260 |
_aProvidence _bAmerican Mathematical Society _c2011 |
||
| 300 | _aix, 351 p. | ||
| 942 | _cBK | ||
| 999 |
_c162674 _d162674 |
||